Naturalism and democracy : a commentary on Spinoza's political treatise in the context of his system /
Naturalism and Democracy , first published in German in 2014, presents a long-awaited commentary on Spinoza's Political Treatise (Tractatus politicus) . Its contents reflect a recent intensification in the interest in Spinoza's political philosophy in Germany. The volume addresses Spinoza&...
مؤلفون آخرون: , ,
التنسيق: كتاب الكتروني
اللغة:
English
German
منشور في:
Leiden ; Boston :
Brill,
2019.
سلاسل:
Religious Studies, Theology and Philosophy E-Books Online, Collection 2019, ISBN: 9789004390898.
الموضوعات:
الوصول للمادة أونلاين: Login to view Source
الوسوم: إضافة وسم
رقم الطلب: JC163.S7343 N35 2019
| LEADER | 03041cam a22004818i 4500 | ||
|---|---|---|---|
| 001 | BRILL9789004396944 | ||
| 003 | nllekb | ||
| 005 | 20210602094945.0 | ||
| 006 | m d | ||
| 007 | cr un uuuua | ||
| 008 | 190314s2019 ne b 001 0 eng | ||
| 010 | |a 2019011850 | ||
| 020 | |a 9789004396944 |q (electronic book) | ||
| 020 | |z 9789004338555 |q (print) | ||
| 024 | 7 | |a 10.1163/9789004396944 |2 DOI | |
| 040 | |a NL-LeKB |c NL-LeKB |e rda | ||
| 041 | 1 | |a eng |h ger | |
| 050 | 4 | |a JC163.S7343 |b N35 2019 | |
| 072 | 7 | |a HPS |2 bicssc | |
| 072 | 7 | |a PHI |x 019000 |2 bisacsh | |
| 072 | 7 | |a SOC |x 000000 |2 bisacsh | |
| 082 | 0 | 4 | |a 320.1 |2 23 |
| 130 | 0 | |a Naturalismus und Demokratie. |l English | |
| 245 | 1 | 0 | |a Naturalism and democracy : |b a commentary on Spinoza's political treatise in the context of his system / |c edited by Wolfgang Bartuschat, Stephan Kirste, Manfred Walther ; translated by James Fontini. |
| 264 | 1 | |a Leiden ; |a Boston : |b Brill, |c 2019. | |
| 300 | |a 1 online resource. | ||
| 336 | |a text |b txt |2 rdacontent | ||
| 337 | |a unmediated |b n |2 rdamedia | ||
| 338 | |a online resource |2 rdacarrier | ||
| 490 | 0 | |a Religious Studies, Theology and Philosophy E-Books Online, Collection 2019, ISBN: 9789004390898 | |
| 504 | |a Includes bibliographical references and index. | ||
| 520 | |a Naturalism and Democracy , first published in German in 2014, presents a long-awaited commentary on Spinoza's Political Treatise (Tractatus politicus) . Its contents reflect a recent intensification in the interest in Spinoza's political philosophy in Germany. The volume addresses Spinoza's political philosophy according to its place within his philosophical system as a whole, beginning with his theory of the natural genesis of law and state. Following from this are commentaries on the foundations of political philosophy, the relation of natural and state law, the theory of sovereignty, and theory of international relations. These chapters lay the basis for four essays interpreting Spinoza's attempt to conceive of a systematic optimization of political and legal institutions for all three forms of governance (monarchy, aristocracy, democracy). The volume closes with an analysis of the current relevance of Spinoza's political thinking and his influence on contemporary debates. | ||
| 600 | 1 | 0 | |a Spinoza, Benedictus de, |d 1632-1677. |t Tractatus politicus |v Congresses. |
| 650 | 0 | |a Political science |v Congresses. | |
| 700 | 1 | |a Bartuschat, Wolfgang, |e editor. | |
| 700 | 1 | |a Kirste, Stephan, |e editor. | |
| 700 | 1 | |a Walther, Manfred, |e editor. | |
| 776 | 0 | 8 | |i Print version: |t Naturalism and Democracy: A Commentary on Spinoza's "Political Treatise" in the Context of His System |d Leiden, Boston : BRILL, [2019], |z 9789004338555 |
| 830 | 0 | |a Religious Studies, Theology and Philosophy E-Books Online, Collection 2019, ISBN: 9789004390898. | |
| 856 | 4 | |z DOI: |u http://dx.doi.org/10.1163/9789004396944 | |
| 942 | |c EBOOK | ||
| 952 | |0 0 |1 0 |4 0 |7 1 |9 12960 |a BRILL |b BRILL |d 2021-06-02 |l 0 |r 2021-06-02 00:00:00 |w 2021-06-02 |y EBOOK | ||
| 999 | |c 34414 |d 34414 | ||
